عرض عادي عرض مارك
  • Dudeney, Gavin,

مدخل إسم شخص

عدد التسجيلات المستخدمة في: 2

001 - رقم الضبط

  • حقل الضبط: 45441

003 - معرف رقم الضبط

  • حقل الضبط: OSt

005 - تاريخ ووقت أخر عملية

  • حقل الضبط: 20140519201835.0

008 - عناصر بيانات ثابتة الطول

  • حقل تحكم ثابت الطول: 140519|||a|||||| | ||| d

040 ## - مصدر الفهرسة

  • هيئة الفهرسة الأصلية: OSt
  • وكالة الكتابة: OSt

100 ## - مدخل -- أسم شخص

  • إسم شخص: Dudeney, Gavin,
  • تواريخ مرتبطة بالاسم: 1964-

670 ## - بيانات المصدر موجوده

  • الاستشهاد بالمصدر: Work cat.: (OSt)0: Dudeney, Gavin, 1964-, Digital literacies :, 2013